Seniors as future customers

Salvato in:
Dettagli Bibliografici
Autore principale: Matušovičová, Monika, 1967-
Natura: Capitolo di libro
Lingua:inglese
Soggetti:
Tags: Aggiungi Tag
Nessun Tag, puoi essere il primo ad aggiungerne!!

MARC

LEADER 00000nla a2200000 4500
001 0169797
005 20240502072937.1
041 0 |a eng 
044 |a SK 
245 1 0 |a Seniors as future customers  |c Monika Matušovičová 
610 2 0 |a spotrebitelia 
610 2 0 |a správanie spotrebiteľa 
610 2 0 |a seniori 
610 2 0 |a marketing 
100 1 |a Matušovičová, Monika, 1967-